"Aktuální problematika managementu" : sborník přednášek z konference : termín konání 22.5.-23.5.2008 v NCO NZO Brno

Korporativní autor: Národní centrum ošetřovatelství a nelékařských zdravotnických oborů. Katedra managementu
Další autoři: Aktuální problematika managementu (konference), Fakultní nemocnice (Brno, Česko), Česká asociace sester. Sekce managementu
Jazyk: Čeština
Vydáno: Brno : Národní centrum ošetřovatelství a nelékařských zdravotnických oborů ve spolupráci s Fakultní nemocnicí Brno a sekcí managementu České asociace sester, 2008
Vydání: Vyd. 1.
Témata:
Fyzický popis: 23 s. ; 21 cm
Knihy
Uloženo v:
LEADER 01977nam a2200409 a 4500
001 nkc20081806363
003 CZ PrNK
005 20080818160051.0
007 ta
008 080606s2008 xr f 100 0 cze
015 |a cnb001806363 
020 |a 978-80-7013-476-4  |q (brož.) 
035 |a (OCoLC)237194796 
040 |a ABA001  |b cze 
072 7 |a 614  |x Veřejné zdraví a hygiena  |2 Konspekt  |9 14 
080 |a 614.2:005  |2 MRF 
080 |a (062.534)  |2 MRF 
111 2 |a Aktuální problematika managementu (konference)  |d (2008 :  |c Brno, Česko)  |7 kn20080606027 
245 1 0 |a "Aktuální problematika managementu" :  |b sborník přednášek z konference : termín konání 22.5.-23.5.2008 v NCO NZO Brno 
246 3 0 |a Sborník přednášek z konference "Aktuální problematika managementu" 
250 |a Vyd. 1. 
260 |a Brno :  |b Národní centrum ošetřovatelství a nelékařských zdravotnických oborů ve spolupráci s Fakultní nemocnicí Brno a sekcí managementu České asociace sester,  |c 2008 
300 |a 23 s. ;  |c 21 cm 
500 |a Název z obálky 
500 |a Nad názvem: Národní centrum ošetřovatelství a nelékařských zdravotnických oborů v Brně, katedra managementu ve spolupráci s Fakultní nemocnicí Brno a sekcí managementu České asociace sester 
650 0 7 |a zdravotnický management  |7 ph208146  |2 czenas 
650 0 9 |a health service management  |2 eczenas 
655 7 |a sborníky konferencí  |7 fd133333  |2 czenas 
655 9 |a proceedings of conferences  |2 eczenas 
710 2 |a Národní centrum ošetřovatelství a nelékařských zdravotnických oborů.  |b Katedra managementu  |7 kn20071221002 
710 2 |a Fakultní nemocnice (Brno, Česko)  |7 ko2002156698 
710 2 |a Česká asociace sester.  |b Sekce managementu  |7 mzk2006358156 
910 2 |a BOA001  |b 2-1206.147 
990 |a BK 
995 |a 01 
991 |b 200807  |c NOV 
996 6 |b 2610345994  |c 2-1206.147  |l MZK  |r Sklad / do 1 hodiny  |n 4  |p p.v.  |w 000899460  |u 000010  |a 1  |e BOA001  |j MZK50  |s P